| 000 | 00326 a2200109 4500 | ||
|---|---|---|---|
| 100 |
_aDOTSE,Dickson Worlanyo _924139 |
||
| 245 | _aGIZ partners UG,KNUST to improve healthcare | ||
| 300 | _aFriday, September 22,2023 Page 40 | ||
| 650 |
_aHEALTH _92198 |
||
| 773 | 0 |
_x0855-1529 _dAccra Daily Graphic 2023 _tDaily Graphic |
|
| 942 | _cPR | ||
| 999 |
_c47154 _d47154 |
||